[Event "Barcelona Sant Marti op-B 23rd"]
[Site "Barcelona"]
[Date "2023.07.19"]
[Round "7"]
[White "Pereira, Ephrem Christa"]
[Black "Morales Rubiella, Albert"]
[Result "0-1"]
[WhiteElo "1701"]
[BlackElo "1402"]
[PlyCount "60"]
[EventDate "2023.07.13"]
[EventType "swiss"]
[EventRounds "9"]
[EventCountry "ESP"]
[SourceTitle "CBM 215 Extra"]
[Source "ChessBase"]
[SourceDate "2023.09.30"]
[SourceVersion "1"]
[SourceVersionDate "2023.09.30"]
[SourceQuality "1"]

1. e4 c5 2. Nf3 Nc6 3. d4 cxd4 4. Nxd4 Nf6 5. Nc3 e6 6. Bg5 Qa5 7. Nxc6 bxc6 8. Bd2 Qb6 9. Bd3 Be7 10. 0-0 d6 11. b3 0-0 12. Be3 Qc7 13. f4 e5 14. fxe5 dxe5 15. h3 Rd8 16. a3 Ba6 17. Qe2 Bxd3 18. cxd3 Rd6 19. Rf3 Rad8 20. Bd2 Qd7 21. Raf1 Rxd3 22. Bc1 Qd4+ 23. Be3 Qxc3 24. Rg3 Bc5 25. Kh1 Rxe3 26. Rxe3 Qxe3 27. Qa6 Nxe4 28. Qa5 Ng3+ 29. Kh2 Nxf1+ 30. Kh1 Qg1# 0-1

[Event "Barcelona Sant Marti op-B 23rd"]
[Site "Barcelona"]
[Date "2023.07.17"]
[Round "5"]
[White "Pereira, Ephrem Christa"]
[Black "Salazar Navas, Josep"]
[Result "0-1"]
[WhiteElo "1701"]
[BlackElo "1561"]
[PlyCount "50"]
[EventDate "2023.07.13"]
[EventType "swiss"]
[EventRounds "9"]
[EventCountry "ESP"]
[SourceTitle "CBM 215 Extra"]
[Source "ChessBase"]
[SourceDate "2023.09.30"]
[SourceVersion "1"]
[SourceVersionDate "2023.09.30"]
[SourceQuality "1"]

1. e4 e6 2. d4 d5 3. Nc3 Nf6 4. Bg5 dxe4 5. Nxe4 Be7 6. Nc3 Nd5 7. Bxe7 Qxe7 8. Nf3 Nxc3 9. bxc3 Nd7 10. Bd3 b6 11. 0-0 Bb7 12. c4 0-0 13. d5 Qf6 14. Be2 Nc5 15. Qd2 Rad8 16. c3 Ne4 17. Qc2 exd5 18. cxd5 Bxd5 19. Bd3 Qc6 20. c4 Nxf2 21. Rxf2 Bxf3 22. Bxh7+ Kh8 23. Rxf3 Qd6 24. Be4 Qd4+ 25. Kh1 Qxa1+ 0-1

[Event "Barcelona Sant Marti op-B 23rd"]
[Site "Barcelona"]
[Date "2023.07.15"]
[Round "3"]
[White "Pereira, Ephrem Christa"]
[Black "Bilyk, Nikolay"]
[Result "0-1"]
[WhiteElo "1701"]
[BlackElo "1555"]
[PlyCount "98"]
[EventDate "2023.07.13"]
[EventType "swiss"]
[EventRounds "9"]
[EventCountry "ESP"]
[SourceTitle "CBM 215 Extra"]
[Source "ChessBase"]
[SourceDate "2023.09.30"]
[SourceVersion "1"]
[SourceVersionDate "2023.09.30"]
[SourceQuality "1"]

1. e4 e5 2. Nf3 Nf6 3. Nc3 Nc6 4. Bb5 Bd6 5. 0-0 Nd4 6. Bc4 0-0 7. d3 h6 8. Re1 c6 9. Be3 Nxf3+ 10. Qxf3 Bb4 11. Qg3 d5 12. exd5 cxd5 13. Bb3 Qd6 14. a3 Bxc3 15. bxc3 Re8 16. d4 Ne4 17. Qf3 Be6 18. dxe5 Qxe5 19. Bd4 Qg5 20. Qd3 Rac8 21. Re3 Red8 22. f3 Nc5 23. Qe2 b6 24. f4 Qxf4 25. Rf1 Qg4 26. Qe1 Ne4 27. Rff3 Qg5 28. Rg3 Nxg3 29. Rxg3 Bg4 30. h3 Re8 31. Qb1 Qd2 32. Rxg4 Re1+ 33. Qxe1 Qxe1+ 34. Kh2 g5 35. Bxd5 Re8 36. Bb3 Qd2 37. Rg3 Qf4 38. h4 Qxh4+ 39. Rh3 Qf4+ 40. Rg3 h5 41. Bf2 h4 42. a4 hxg3+ 43. Bxg3 Qd2 44. c4 Re2 45. Kh3 Rxg2 46. c5 Rg1 47. cxb6 Qe3 48. Bxf7+ Kxf7 49. bxa7 Qxg3# 0-1